[Event "Omsk op 06"]
[Site "Omsk"]
[Date "2014.06.28"]
[Round "6"]
[White "Osipov, Yury"]
[Black "Vasiljev, Artem"]
[Result "0-1"]
[WhiteElo "1629"]
[BlackElo "1786"]
[PlyCount "61"]
[EventDate "2014.06.20"]
[EventType "swiss"]
[EventRounds "9"]
[EventCountry "RUS"]
[SourceTitle "EXT 2016"]
[Source "ChessBase"]
[SourceDate "2015.10.08"]
[SourceVersion "1"]
[SourceVersionDate "2015.10.08"]
[SourceQuality "1"]

1. e4 c5 2. Nf3 Nc6 3. d4 cxd4 4. Nxd4 e5 5. Nf3 Nf6 6. Bc4 Be7 7. 0-0 0-0 8. Re1 d6 9. h3 Be6 10. Bxe6 fxe6 11. Nc3 Qd7 12. Bg5 a6 13. a3 h6 14. Be3 d5 15. Na4 Qe8 16. exd5 exd5 17. Bc5 b5 18. Bxe7 Qxe7 19. Nc3 Rad8 20. b4 Qc7 21. Rb1 e4 22. Nd4 Nxd4 23. Qxd4 Qf4 24. Ne2 Qg5 25. Rbd1 Rc8 26. Qb6 Rxc2 27. Nd4 Ra2 28. Ne6 Qh5 29. Nxf8 Kxf8 30. Qb8+ Kf7 31. Rc1 0-1

[Event "Omsk op 05"]
[Site "Omsk"]
[Date "2014.05.08"]
[Round "4"]
[White "Riabinina, Margarita"]
[Black "Vasiljev, Artem"]
[Result "0-1"]
[WhiteElo "1724"]
[BlackElo "1770"]
[PlyCount "90"]
[EventDate "2014.05.01"]
[EventType "swiss"]
[EventRounds "9"]
[EventCountry "RUS"]
[SourceTitle "EXT 2016"]
[Source "ChessBase"]
[SourceDate "2015.10.08"]
[SourceVersion "1"]
[SourceVersionDate "2015.10.08"]
[SourceQuality "1"]

1. e4 e5 2. Nc3 Nc6 3. Nf3 Nf6 4. g3 Be7 5. Bg2 a5 6. 0-0 0-0 7. d3 d5 8. exd5 Nxd5 9. Nxd5 Qxd5 10. Re1 Qd6 11. b3 Bf5 12. Bb2 f6 13. Nh4 Be6 14. Qe2 Rfe8 15. a4 Bf8 16. Rad1 Nd4 17. Bxd4 exd4 18. Qf1 Bg4 19. Rxe8 Rxe8 20. Re1 Rxe1 21. Qxe1 b6 22. Qe4 Bd1 23. Qd5+ Qxd5 24. Bxd5+ Kh8 25. Nf5 c5 26. Bc4 Bxc2 27. Kf1 Bd1 28. Ke1 Bg4 29. Nh4 g5 30. Ng2 Kg7 31. h4 h6 32. hxg5 fxg5 33. f4 gxf4 34. Nxf4 Bd6 35. Kf2 Bxf4 36. gxf4 Kf6 37. Kg3 Bf5 38. Bb5 Be6 39. Bc4 Bxc4 40. bxc4 Kf5 41. Kf3 h5 42. Kg3 h4+ 43. Kxh4 Kxf4 44. Kh5 Ke3 45. Kg4 Kxd3 0-1

[Event "Omsk op 12"]
[Site "Omsk"]
[Date "2013.12.07"]
[Round "5"]
[White "Savostjanov, Igor"]
[Black "Vasiljev, Artem"]
[Result "1-0"]
[WhiteElo "2098"]
[BlackElo "1735"]
[PlyCount "73"]
[EventDate "2013.12.01"]
[EventType "swiss"]
[EventRounds "9"]
[EventCountry "RUS"]
[SourceTitle "EXT 2016"]
[Source "ChessBase"]
[SourceDate "2015.10.08"]
[SourceVersion "1"]
[SourceVersionDate "2015.10.08"]
[SourceQuality "1"]

1. e4 c5 2. Nf3 Nc6 3. Nc3 d6 4. d4 cxd4 5. Nxd4 Nf6 6. Be2 g6 7. Be3 Bg7 8. Qd2 0-0 9. 0-0 Bd7 10. f4 Rc8 11. h3 Nxd4 12. Bxd4 Rxc3 13. bxc3 Nxe4 14. Qe3 Bxd4 15. cxd4 d5 16. c4 Bc6 17. cxd5 Bxd5 18. Bf3 f5 19. Rfc1 Qd6 20. Rc2 Rd8 21. Rac1 Bc6 22. Rc4 e6 23. Bxe4 Bxe4 24. Rc8 Qd7 25. Qc3 Bc6 26. Rxd8+ Qxd8 27. Qc5 Qd5 28. Qxd5 Bxd5 29. Rc7 a6 30. a3 h5 31. g3 Kf8 32. Kf2 a5 33. Ke3 b5 34. Ra7 b4 35. Rxa5 bxa3 36. Rxa3 Ke7 37. Ra7+ 1-0

[Event "Omsk op 12"]
[Site "Omsk"]
[Date "2013.12.04"]
[Round "3"]
[White "Riabinina, Margarita"]
[Black "Vasiljev, Artem"]
[Result "0-1"]
[WhiteElo "1724"]
[BlackElo "1735"]
[PlyCount "80"]
[EventDate "2013.12.01"]
[EventType "swiss"]
[EventRounds "9"]
[EventCountry "RUS"]
[SourceTitle "EXT 2016"]
[Source "ChessBase"]
[SourceDate "2015.10.08"]
[SourceVersion "1"]
[SourceVersionDate "2015.10.08"]
[SourceQuality "1"]

1. e4 e6 2. d4 d5 3. Nd2 Nf6 4. e5 Nfd7 5. c3 c5 6. Bd3 Qb6 7. Ndf3 Nc6 8. Ne2 f5 9. 0-0 h6 10. Nf4 Kf7 11. Re1 Be7 12. Nxd5 exd5 13. e6+ Kg8 14. exd7 Bxd7 15. Ne5 Nxe5 16. Rxe5 Bd6 17. dxc5 Qxc5 18. Re1 g6 19. Be3 Qc7 20. g3 Be5 21. Bc2 Bc6 22. Qd2 Bg7 23. Bf4 Qd7 24. Bb3 Kh7 25. Be5 Rhe8 26. Bxg7 Kxg7 27. Rxe8 Qxe8 28. Re1 Qd7 29. Qd4+ Kh7 30. h4 Qg7 31. Qxg7+ Kxg7 32. Rd1 Rd8 33. c4 d4 34. Bc2 Be4 35. Bd3 Kf6 36. f4 a5 37. b3 g5 38. hxg5+ hxg5 39. Kf2 b6 40. Ke2 g4 0-1

[Event "Omsk-ch"]
[Site "Omsk"]
[Date "2013.02.17"]
[Round "9"]
[White "Vasiljev, Artem"]
[Black "Kislov, Leonid"]
[Result "1/2-1/2"]
[WhiteElo "1713"]
[BlackElo "1857"]
[PlyCount "86"]
[EventDate "2013.02.09"]
[EventType "swiss"]
[EventRounds "9"]
[EventCountry "RUS"]
[SourceTitle "CBM 153 Extra"]
[Source "ChessBase"]
[SourceDate "2013.04.22"]
[SourceVersion "1"]
[SourceVersionDate "2013.04.22"]
[SourceQuality "1"]

1. e4 e5 2. Nf3 d6 3. Bc4 Be7 4. h3 Nf6 5. Nc3 0-0 6. 0-0 h6 7. d4 exd4 8. Nxd4 c6 9. Kh1 b5 10. Bd3 b4 11. Nce2 c5 12. Nb3 Be6 13. f4 c4 14. Nbd4 cxd3 15. cxd3 Bd7 16. f5 Nc6 17. Nf3 Ne5 18. Ng3 Bb5 19. Nxe5 dxe5 20. Rf3 Qd6 21. a4 Ba6 22. b3 Rad8 23. Be3 Rd7 24. Qe1 Rfd8 25. Rd1 Qb8 26. d4 exd4 27. Bf4 Qb6 28. e5 Nd5 29. f6 gxf6 30. Bxh6 fxe5 31. Nf5 Kh7 32. Rg3 Rg8 33. Rxg8 Kxg8 34. Qxe5 Qf6 35. Nxe7+ Rxe7 36. Qxd5 Bb7 37. Bg5 Bxd5 38. Bxf6 Re2 39. Rxd4 Bxg2+ 40. Kg1 Kh7 41. Rxb4 Bxh3 42. Rh4+ Kg6 43. Bd4 Be6 1/2-1/2

[Event "Omsk-ch"]
[Site "Omsk"]
[Date "2012.03.15"]
[Round "1"]
[White "Manchenko, Vladimir"]
[Black "Vasiljev, Artem"]
[Result "1-0"]
[WhiteElo "2053"]
[BlackElo "1776"]
[PlyCount "34"]
[EventDate "2012.03.15"]
[EventType "swiss"]
[EventRounds "9"]
[EventCountry "RUS"]
[SourceTitle "EXT 2013"]
[Source "ChessBase"]
[SourceDate "2012.11.22"]
[SourceVersion "1"]
[SourceVersionDate "2012.11.22"]
[SourceQuality "1"]

1. e4 c5 2. Nc3 Nc6 3. g3 e6 4. Bg2 Nf6 5. a4 a6 6. d3 d6 7. Nf3 Qc7 8. 0-0 Be7 9. h3 0-0 10. Ne2 Rb8 11. g4 b5 12. Ng3 Bb7 13. c3 Rfd8 14. Qe2 Bf8 15. Be3 d5 16. e5 Ne8 17. d4 c4 1-0